000 01062nam a2200277Ia 4500
001 ebr10303278
003 CaPaEBR
006 m u
007 cr cn|||||||||
008 070316s2008 enka sb 001 0 eng d
020 _z9781904602644
040 _aCaPaEBR
_cCaPaEBR
035 _a(OCoLC)632759579
050 1 4 _aQC481
_b.P38 2008eb
100 1 _aPavlinksy, G. V.
245 1 0 _aFundamentals of x-ray physics
_h[electronic resource] /
_cG.V. Pavlinsky.
260 _aCambridge :
_bCambridge International Science Publishing,
_c2008.
300 _axiv, 245 p. :
_bill.
504 _aIncludes bibliographical references and index.
533 _aElectronic reproduction.
_bPalo Alto, Calif. :
_cebrary,
_d2009.
_nAvailable via World Wide Web.
_nAccess may be limited to ebrary affiliated libraries.
650 0 _aX-rays.
650 0 _aPhysics.
655 7 _aElectronic books.
_2local
710 2 _aebrary, Inc.
856 4 0 _uhttp://site.ebrary.com/lib/rucke/Doc?id=10303278
_zAn electronic book accessible through the World Wide Web; click to view
999 _c70773
_d70773